Teoría general de los títulos-valores

Salvato in:
Dettagli Bibliografici
Autore principale: Becerra Toro, Rodrígo (Autore)
Natura: Libro
Lingua:spagnolo
Pubblicazione: Cali Temis 1984
Soggetti:
Tags: Aggiungi Tag
Nessun Tag, puoi essere il primo ad aggiungerne!!

MARC

LEADER 00000nam a2200000 a 4500
001 UCV1447
003 CL-VaPUC
008 900625e19840000CK |||||||||||||||||spa|d
082 0 4 |a 346.092  |b BEC  |2 21 
100 0 |a Becerra Toro, Rodrígo  |e author  |9 295710 
245 1 0 |a Teoría general de los títulos-valores 
300 |a 258 p 
942 |c BK 
945 |d 19900625 00:00:00 
260 |a Cali  |b Temis  |c 1984 
650 7 |a BONOS  |2 CL-VaPUC  |9 254913 
650 0 |a Cheques  |9 254910 
650 0 |a Documentos negociables  |9 256445 
650 0 |a Letras de cambio  |9 254916 
650 7 |a PAGARES  |2 CL-VaPUC  |9 256446 
583 |a last modification  |c 19900625 00:00:00  |k Rodrigo Vera 
999 |c 209401  |d 209399 
952 |0 0  |1 0  |4 0  |6 346_092000000000000_BEC_1984  |7 0  |8 A  |9 184774  |a BIBDER  |b BIBDER  |d 2019-11-14  |i 252094K  |l 1  |o 346.092 BEC 1984  |p 252094K  |r 2023-01-25  |s 2022-05-09  |w 2019-11-14  |y BK  |k DER